O'Higgins: vida y tiempo
Guardat en:
| Autor principal: | |
|---|---|
| Format: | Llibre |
| Idioma: | espanyol |
| Publicat: |
Buenos Aires
Losada
1957
|
| Edició: | 2a. ed |
| Matèries: | |
| Etiquetes: |
Afegir etiqueta
Sense etiquetes, Sigues el primer a etiquetar aquest registre!
|
MARC
| LEADER | 00000nam a2200000 a 4500 | ||
|---|---|---|---|
| 001 | UCP7961 | ||
| 003 | CL-VaPUC | ||
| 008 | 000106e19570000AG |||||||||||||||||spa|d | ||
| 082 | 0 | 4 | |a 923.1 |b ORR |2 21 |
| 100 | |a Orrego Vicuña, Eugenio |e autor |9 444141 | ||
| 245 | 1 | 0 | |a O'Higgins: vida y tiempo |
| 250 | |a 2a. ed | ||
| 300 | |a 411 p | ||
| 942 | |c BK | ||
| 945 | |d 20000106 00:00:00 |a rherrera | ||
| 260 | |a Buenos Aires |b Losada |c 1957 | ||
| 600 | 0 | |a O'higgins Riquelme, Bernardo |9 317764 | |
| 600 | 0 | 7 | |a SAN MARTIN, JOSE DE |2 CL-VaPUC |9 437718 |
| 650 | 0 | |a Biografías |9 255210 | |
| 650 | 0 | |a Jefes de estado |9 368246 | |
| 650 | 7 | |a LIBERTADORES |2 CL-VaPUC |9 317968 | |
| 650 | 0 | |a Independencia |9 344246 | |
| 650 | 0 | |a Patria Vieja |9 380238 | |
| 650 | 0 | |a Iglesia |9 255004 | |
| 651 | 7 | |a CHILE |2 CL-VaPUC |9 437719 | |
| 583 | |a last modification |c 20000106 00:00:00 |k Rodrigo Vera | ||
| 999 | |c 284998 |d 284996 | ||
| 952 | |0 0 |1 0 |4 0 |6 923_100000000000000_ORR_1957 |7 0 |8 A |9 329337 |a BIBHIS |b BIBHIS |d 2019-11-20 |i 1376853 |o 923.1 ORR 1957 |p 1376853 |r 2025-01-20 |w 2019-11-20 |y BK |k HIS | ||